[Event "Mondiale Lampo FIDE 2022"]
[Site "Alma Ata"]
[Date "29.12.2022"]
[Round "11.38"]
[White "Tsydypov, Zhamsaran"]
[Black "Pranav, V"]
[Result "1-0"]
[WhiteTitle ""]
[BlackTitle ""]
[WhiteElo "2534"]
[BlackElo "2545"]
[WhiteFideId "4108566"]
[BlackFideId "25060783"]
[EventDate "29.12.2022"]

1. e4 e5 2. Nf3 Nc6 3. Bc4 Nf6 4. d3 h6 5. Nbd2 d6 6. c3 g6 7. b4 Bg7 8. Nf1 O-O
9. Ne3 a5 10. b5 Ne7 11. Bb3 c6 12. a4 Bd7 13. c4 Kh7 14. O-O Nh5 15. bxc6 bxc6
16. c5 d5 17. Bb2 Qb8 18. Rb1 Be6 19. exd5 cxd5 20. d4 e4 21. Ne5 f6 22. Ba3 Qc7
23. Nxd5 Nxd5 24. Nxg6 Kxg6 25. Bxd5 Qd7 26. Bxe4+ f5 27. Bxa8 Rxa8 28. Rb6 Nf6
29. Re1 Bf7 30. Rd6 Qc7 31. Qd3 Re8 32. Re5 Qc8 33. g4 Kh7 34. Qxf5+ Qxf5 35.
Rxf5 Re1+ 36. Kg2 Be6 37. Re5 Ra1 38. Rexe6 Nxg4 39. Bb2 Ra2 40. Re2 Rxa4 41.
Rc2 Bf8 42. Rd7+ Kg6 43. c6 1-0

[Event "Mondiale Lampo FIDE 2022"]
[Site "Alma Ata"]
[Date "29.12.2022"]
[Round "11.39"]
[White "Gharibyan, Mamikon"]
[Black "Murzin, Volodar"]
[Result "0-1"]
[WhiteTitle ""]
[BlackTitle ""]
[WhiteElo "2480"]
[BlackElo "2561"]
[WhiteFideId "13308300"]
[BlackFideId "44155573"]
[EventDate "29.12.2022"]

1. Nf3 d5 2. d4 Nf6 3. c4 c6 4. Qc2 g6 5. e3 Bg7 6. Nc3 O-O 7. Be2 Bf5 8. Qb3
Qb6 9. O-O Nbd7 10. Bd2 e6 11. Rfc1 h6 12. Nh4 Rfc8 13. Be1 Bf8 14. h3 h5 15.
Nxf5 gxf5 16. Qd1 h4 17. c5 Qd8 18. f4 Ne4 19. Nxe4 dxe4 20. g4 hxg3 21. Bxg3
Nf6 22. Kh2 Nd5 23. Qg1 Be7 24. Be1+ Kf8 25. Qf2 Bf6 26. b4 a6 27. a4 Ke7 28. b5
a5 29. Bc4 Qd7 30. bxc6 bxc6 31. Rab1 Rh8 32. Rb3 Rab8 33. Rcb1 Rxb3 34. Rxb3
Bh4 35. Qf1 Bxe1 36. Qxe1 Nb4 37. Qg3 Qd8 38. Rb1 Qg8 39. Qf2 Qg4 40. Qg2 Qxg2+
41. Kxg2 Kf6 42. Bb3 Rg8+ 43. Kf2 Nd3+ 44. Kf1 Rg3 45. Bc4 Nb4 46. Kf2 Rf3+ 47.
Ke2 Rxh3 48. Kd2 Rh2+ 49. Be2 Rh3 50. Bc4 Rh2+ 51. Be2 Nd5 52. Rb8 Rh3 53. Ra8
Rxe3 54. Rxa5 Ra3 55. Ra8 Ra2+ 56. Ke1 Nc3 57. Bc4 Rxa4 58. Rxa4 Nxa4 59. Ba6
Ke7 60. Kd2 Nb2 61. Kc2 Nd3 62. Bxd3 exd3+ 63. Kxd3 Kd7 64. Kc4 f6 65. Kd3 Ke7
66. Kc4 Kf7 67. Kb4 e5 68. fxe5 fxe5 69. d5 cxd5 70. c6 Ke7 71. Kc5 Kd8 72. Kxd5
f4 0-1

[Event "Mondiale Lampo FIDE 2022"]
[Site "Alma Ata"]
[Date "29.12.2022"]
[Round "11.40"]
[White "Narayanan, S.L."]
[Black "Sarana, Alexey"]
[Result "0-1"]
[WhiteTitle ""]
[BlackTitle ""]
[WhiteElo "2669"]
[BlackElo "2668"]
[WhiteFideId "5058422"]
[BlackFideId "24133795"]
[EventDate "29.12.2022"]

1. Nf3 d5 2. d4 Nf6 3. c4 e6 4. e3 Bd6 5. b3 b6 6. Bb2 Bb7 7. Bd3 Nbd7 8. O-O
O-O 9. Nc3 Ne4 10. cxd5 exd5 11. Qc2 Nxc3 12. Bxc3 h6 13. b4 Qe7 14. Rfc1 a6 15.
a4 Rfe8 16. b5 axb5 17. axb5 Nf6 18. Ne5 Ne4 19. Bb2 Qg5 20. Qe2 Qf6 21. f3 Ng5
22. Qf2 Ne6 23. f4 Rxa1 24. Rxa1 Ra8 25. Rxa8+ Bxa8 26. Bb1 Bb7 27. Ba2 Qf5 28.
Qd2 Bxe5 29. dxe5 g5 30. Bc1 gxf4 31. exf4 Qe4 32. Bb3 d4 33. Bc2 Qd5 34. Qe2
Nc5 35. f5 d3 36. Qg4+ Kh7 37. f6 Ne6 38. Bd1 Qc5+ 0-1

[Event "Mondiale Lampo FIDE 2022"]
[Site "Alma Ata"]
[Date "29.12.2022"]
[Round "11.41"]
[White "Tabatabaei, M. Amin"]
[Black "Sindarov, Javokhir"]
[Result "1-0"]
[WhiteTitle ""]
[BlackTitle ""]
[WhiteElo "2660"]
[BlackElo "2654"]
[WhiteFideId "12521213"]
[BlackFideId "14205483"]
[EventDate "29.12.2022"]

1. d4 Nf6 2. c4 g6 3. Nc3 Bg7 4. e4 d6 5. Be2 c5 6. Nf3 O-O 7. O-O cxd4 8. Nxd4
Nc6 9. Be3 Bd7 10. Nb3 a5 11. a4 Nb4 12. f3 Bc6 13. Qd2 Nd7 14. Rfd1 b6 15. Nd4
Nc5 16. Ra3 Bd7 17. Bf1 Rc8 18. Ndb5 f5 19. exf5 Bxf5 20. Nd4 Bxd4 21. Bxd4 Nc2
22. Nd5 Nxa3 23. bxa3 e6 24. Qh6 e5 25. Be3 Rf7 26. Bg5 Qf8 27. Qh4 Re8 28. Bh6
Rg7 29. Nf6+ Kh8 30. Nxe8 Qxe8 31. Qf6 Qe7 32. Bxg7+ Qxg7 33. Qxd6 h5 34. Qxb6
Ne6 35. c5 e4 36. fxe4 Bg4 37. Rd6 Nf4 38. c6 Qa1 39. Rd8+ 1-0

[Event "Mondiale Lampo FIDE 2022"]
[Site "Alma Ata"]
[Date "29.12.2022"]
[Round "11.42"]
[White "Salem, A.R. Saleh"]
[Black "Sargissian, Gabriel"]
[Result "1/2-1/2"]
[WhiteTitle ""]
[BlackTitle ""]
[WhiteElo "2677"]
[BlackElo "2699"]
[WhiteFideId "9301348"]
[BlackFideId "13300881"]
[EventDate "29.12.2022"]

1. d4 d5 2. c4 e6 3. Nc3 Nf6 4. cxd5 exd5 5. Bg5 c6 6. e3 h6 7. Bh4 Be7 8. Bd3
O-O 9. Nge2 Ne8 10. Bg3 Nd6 11. Qc2 Re8 12. O-O Bf8 13. Kh1 a5 14. a3 Nd7 15.
Ng1 Nf6 16. Bh4 Be7 17. f3 Nc4 18. Rae1 b5 19. a4 b4 20. Nd1 b3 21. Qc1 Ba6 22.
Nc3 Bb4 23. Re2 Qd6 24. Rd1 Bxc3 25. Qxc3 Nxe3 26. Rde1 Bxd3 27. Rxe3 Rxe3 28.
Rxe3 Bc4 29. Nh3 Re8 30. Rxe8+ Nxe8 31. Qxa5 Qe6 32. Qe1 Qxe1+ 33. Bxe1 Nd6 34.
Nf4 Ba6 35. Kg1 Nc4 36. Bc3 Nb6 37. Bb4 Nxa4 38. Ba3 Nb6 39. Bb4 Nc4 40. Bc3 Ne3
41. Bd2 Nc2 42. Bc3 Ne3 43. Bd2 Nc4 44. Bc3 Nd6 45. Bb4 Nf5 46. Bc3 f6 47. Kf2
Kf7 48. g4 Nd6 49. Bb4 Nc4 50. Bc3 Nb6 51. Bb4 Nc4 52. Bc3 Nd6 53. Bb4 Nb5 54.
Ke3 Nc7 55. Ba5 Nb5 56. Bb4 Nc7 57. Ba5 Ne8 58. Bb4 g5 59. Nh5 Nc7 60. Ng3 Bc8
61. Ba5 Nb5 62. Bb4 Nc7 63. Ba5 Nb5 64. Bb4 Nc7 65. Ba5 1/2-1/2

[Event "Mondiale Lampo FIDE 2022"]
[Site "Alma Ata"]
[Date "29.12.2022"]
[Round "11.43"]
[White "Petrov, Nikita"]
[Black "Tari, Aryan"]
[Result "0-1"]
[WhiteTitle ""]
[BlackTitle ""]
[WhiteElo "2537"]
[BlackElo "2659"]
[WhiteFideId "4101286"]
[BlackFideId "1510045"]
[EventDate "29.12.2022"]

1. d4 Nf6 2. Bg5 d5 3. e3 c5 4. c3 Ne4 5. Bf4 Nc6 6. Bd3 Nf6 7. Nd2 Bg4 8. Ngf3
e6 9. Qa4 Bxf3 10. Nxf3 Qb6 11. Ne5 Be7 12. O-O O-O 13. Rab1 Rfc8 14. h3 a6 15.
Qd1 Qd8 16. Qf3 Nxe5 17. Bxe5 Bd6 18. Qg3 Nh5 19. Qh2 Bxe5 20. dxe5 g6 21. g4
Ng7 22. f4 b5 23. Qf2 c4 24. Bc2 b4 25. e4 dxe4 26. Bxe4 Rab8 27. Rbd1 Qe7 28.
Rd6 bxc3 29. bxc3 a5 30. Rfd1 Ne8 31. Ra6 Qa3 32. Ra7 Qxc3 33. Rdd7 Rb2 34. Qf1 0-1

[Event "Mondiale Lampo FIDE 2022"]
[Site "Alma Ata"]
[Date "29.12.2022"]
[Round "11.44"]
[White "Ganguly, Surya Shekhar"]
[Black "Predke, Alexandr"]
[Result "1-0"]
[WhiteTitle ""]
[BlackTitle ""]
[WhiteElo "2582"]
[BlackElo "2684"]
[WhiteFideId "5002150"]
[BlackFideId "24107581"]
[EventDate "29.12.2022"]

1. e4 c5 2. c3 d5 3. exd5 Qxd5 4. d4 Nf6 5. Nf3 e6 6. Na3 a6 7. Nc4 Nbd7 8. Be2
cxd4 9. Qxd4 Bc5 10. Qxd5 Nxd5 11. O-O b5 12. Na5 Bb6 13. Nb3 Bb7 14. a4 b4 15.
c4 N5f6 16. a5 Ba7 17. Bd2 Rb8 18. Ra4 Nc5 19. Rxb4 Bxf3 20. Bxf3 Nxb3 21. Rxb8+
Bxb8 22. Bb4 Ba7 23. Bb7 Bc5 24. Bc3 Ke7 25. Bxa6 Ne4 26. Bxg7 Rd8 27. Bh6 Nxf2
28. Bg5+ f6 29. Bh4 Ng4+ 30. Kh1 Nd2 31. Re1 Nf2+ 32. Bxf2 Bxf2 33. Rd1 Be3 34.
b4 Rd3 35. c5 Rb3 36. c6 Kd6 37. b5 Kc7 38. Bb7 f5 39. b6+ Bxb6 40. axb6+ Rxb6
41. g4 Rb2 42. gxf5 Nf3 43. Rd7+ Kb6 44. Rxh7 exf5 45. Ba8 Ng5 46. Rb7+ 1-0

[Event "Mondiale Lampo FIDE 2022"]
[Site "Alma Ata"]
[Date "29.12.2022"]
[Round "11.45"]
[White "Christiansen, Johan-Sebastian"]
[Black "Idani, Pouya"]
[Result "1/2-1/2"]
[WhiteTitle ""]
[BlackTitle ""]
[WhiteElo "2578"]
[BlackElo "2637"]
[WhiteFideId "1512668"]
[BlackFideId "12510130"]
[EventDate "29.12.2022"]

1. e4 c6 2. d4 d5 3. Nd2 dxe4 4. Nxe4 Nf6 5. Nxf6+ exf6 6. c3 Bd6 7. Bd3 O-O 8.
Qc2 Re8+ 9. Ne2 h5 10. O-O h4 11. h3 Nd7 12. Bd2 Nf8 13. Rae1 Bc7 14. f4 g6 15.
f5 g5 16. Qd1 Nh7 17. Nc1 Rxe1 18. Qxe1 Qd6 19. Qe8+ Nf8 20. Bc4 Be6 21. fxe6
Qh2+ 22. Kf2 Qg3+ 23. Kg1 Qh2+ 24. Kf2 Qg3+ 25. Kg1 1/2-1/2

[Event "Mondiale Lampo FIDE 2022"]
[Site "Alma Ata"]
[Date "29.12.2022"]
[Round "11.46"]
[White "Batsuren, Dambasuren"]
[Black "Sargsyan, Shant"]
[Result "0-1"]
[WhiteTitle ""]
[BlackTitle ""]
[WhiteElo "2525"]
[BlackElo "2645"]
[WhiteFideId "4902920"]
[BlackFideId "13306766"]
[EventDate "29.12.2022"]

1. d4 Nf6 2. c4 e6 3. g3 d5 4. Nf3 Bb4+ 5. Bd2 a5 6. Bg2 O-O 7. Qc2 c5 8. cxd5
cxd4 9. Nxd4 Qb6 10. e3 exd5 11. a3 Bxd2+ 12. Nxd2 Nc6 13. N2f3 Bg4 14. O-O Rac8
15. Qd3 Rfd8 16. Rfc1 Ne4 17. Qb3 Qxb3 18. Nxb3 a4 19. Nbd4 Bxf3 20. Nxf3 g6 21.
Rc2 Na5 22. Rac1 Rxc2 23. Rxc2 Nc4 24. Nd4 f5 25. Bf1 Ned6 26. Bd3 Kf7 27. Kf1
Kf6 28. Ke2 b5 29. Nc6 Rc8 30. Nb4 Ke6 31. h4 Ne4 32. Kd1 h6 33. Kc1 g5 34. hxg5
hxg5 35. Kd1 Rh8 36. Ke2 Rh2 37. Bxe4 fxe4 38. Nc6 Rh1 39. Nd4+ Kd7 40. Nxb5 Ne5
41. Rc5 Nf3 42. Rxd5+ Kc6 43. Rd1 Rxd1 44. Na7+ Kb7 45. Kxd1 Kxa7 46. Kc2 Kb6
47. b3 Ne5 48. bxa4 Ng4 49. Kd2 Nxf2 50. Kc3 Ka5 51. Kd4 0-1

[Event "Mondiale Lampo FIDE 2022"]
[Site "Alma Ata"]
[Date "29.12.2022"]
[Round "11.47"]
[White "Yudin, Sergei"]
[Black "Kovalev, Vladislav"]
[Result "0-1"]
[WhiteTitle ""]
[BlackTitle ""]
[WhiteElo "2469"]
[BlackElo "2623"]
[WhiteFideId "4159659"]
[BlackFideId "13504398"]
[EventDate "29.12.2022"]

1. e4 e5 2. Nf3 Nc6 3. Bc4 Bc5 4. d3 Nf6 5. O-O a6 6. c3 d6 7. a4 h6 8. Nbd2 Ba7
9. Re1 O-O 10. Nf1 Ne7 11. Ng3 Ng6 12. h3 c6 13. Ba2 Re8 14. d4 Be6 15. Bxe6
Rxe6 16. Be3 exd4 17. Nxd4 Re8 18. Ndf5 Bxe3 19. Rxe3 Re6 20. Qd4 Qf8 21. Qb6
Rb8 22. Rd1 d5 23. Qd4 dxe4 24. Nxe4 Nxe4 25. Rxe4 Rxe4 26. Qxe4 Re8 27. Qd4 Ne7
28. Ne3 Ng6 29. Qg4 Rd8 30. Rd4 b5 31. a5 c5 32. Rd5 Ne7 33. Re5 Ng6 34. Re4 Qd6
35. g3 Qf6 36. Kg2 Kh7 37. h4 Rd2 38. b4 Qxf2+ 0-1

[Event "Mondiale Lampo FIDE 2022"]
[Site "Alma Ata"]
[Date "29.12.2022"]
[Round "11.48"]
[White "Ghaem Maghami, Ehsan"]
[Black "Khusnutdinov, Rustam"]
[Result "0-1"]
[WhiteTitle ""]
[BlackTitle ""]
[WhiteElo "2490"]
[BlackElo "2441"]
[WhiteFideId "12500739"]
[BlackFideId "13701703"]
[EventDate "29.12.2022"]

1. e4 d5 2. exd5 Qxd5 3. Nc3 Qa5 4. g3 g6 5. Bg2 Bg7 6. Nf3 Nf6 7. O-O O-O 8.
Re1 Nc6 9. d3 Qh5 10. Ng5 Qxd1 11. Rxd1 Nd4 12. Bf4 Nxc2 13. Rac1 Nd4 14. Bxc7
Bg4 15. Re1 h6 16. h3 Bf5 17. Nf3 Nc6 18. Ne5 e6 19. Nxc6 bxc6 20. Na4 Nd5 21.
Rxc6 Bxd3 22. Bxd5 exd5 23. Rcc1 Rac8 24. Nc3 Rxc7 0-1

[Event "Mondiale Lampo FIDE 2022"]
[Site "Alma Ata"]
[Date "29.12.2022"]
[Round "11.49"]
[White "Aravindh, Chithambaram VR."]
[Black "Tin, Jingyao"]
[Result "1-0"]
[WhiteTitle ""]
[BlackTitle ""]
[WhiteElo "2607"]
[BlackElo "2562"]
[WhiteFideId "5072786"]
[BlackFideId "5804418"]
[EventDate "29.12.2022"]

1. g3 d5 2. Nf3 Nf6 3. Bg2 c6 4. O-O Bg4 5. d4 Nbd7 6. Nbd2 e6 7. c4 Be7 8. b3
O-O 9. Bb2 a5 10. Re1 a4 11. h3 Bh5 12. e4 dxe4 13. Nxe4 Bb4 14. Nxf6+ Nxf6 15.
Re3 a3 16. Bc3 Bxc3 17. Rxc3 Qa5 18. Qe1 Rfd8 19. Rd1 Bxf3 20. Bxf3 Rd7 21. Qe3
Rad8 22. Rcd3 Qb4 23. h4 Ne8 24. d5 exd5 25. cxd5 cxd5 26. Rxd5 Rxd5 27. Rxd5
Rc8 28. Rd7 Nf6 29. Rxb7 Qd6 30. Qe7 Qxe7 31. Rxe7 h6 32. Ra7 g5 33. hxg5 hxg5
34. Rxa3 g4 35. Ra8 1-0

[Event "Mondiale Lampo FIDE 2022"]
[Site "Alma Ata"]
[Date "29.12.2022"]
[Round "11.50"]
[White "Nesterov, Arseniy"]
[Black "Ter-Sahakyan, Samvel"]
[Result "1-0"]
[WhiteTitle ""]
[BlackTitle ""]
[WhiteElo "2573"]
[BlackElo "2605"]
[WhiteFideId "24198455"]
[BlackFideId "13302531"]
[EventDate "29.12.2022"]

1. d4 Nf6 2. c4 e6 3. Nf3 d5 4. Nc3 c6 5. e3 Nbd7 6. Bd3 dxc4 7. Bxc4 b5 8. Bd3
Bd6 9. O-O O-O 10. b3 Bb7 11. Bb2 Qe7 12. Ne4 Nxe4 13. Bxe4 Rac8 14. a4 b4 15.
Nd2 Nf6 16. Bf3 Ba6 17. Be2 Bxe2 18. Qxe2 c5 19. Nc4 Bb8 20. dxc5 Rxc5 21. Bxf6
Qxf6 22. Rad1 Rd5 23. e4 Rdd8 24. Rxd8 Rxd8 25. Rd1 h5 26. Qxh5 Rc8 27. Qe2 Qc3
28. Rd3 Qc1+ 29. Rd1 Qc3 30. Qd3 Qf6 31. g3 g6 32. Kg2 Kg7 33. Qd4 g5 34. Qxf6+
Kxf6 35. Rd7 Bc7 36. h3 a5 37. Kf3 Kg6 38. Ke3 f5 39. e5 Bd8 40. f4 gxf4+ 41.
gxf4 Bh4 42. Ra7 Rh8 43. Rxa5 Bd8 44. Ra6 Rxh3+ 45. Kd4 Rxb3 46. Rxe6+ Kh5 47.
Re8 Bh4 48. Rh8+ Kg4 49. Ne3+ Kg3 50. Nxf5+ Kxf4 51. Nxh4 Rb1 52. e6 Rd1+ 53.
Kc4 Re1 54. e7 1-0

[Event "Mondiale Lampo FIDE 2022"]
[Site "Alma Ata"]
[Date "29.12.2022"]
[Round "11.51"]
[White "Suleymenov, Alisher"]
[Black "Munkhgal, Gombosuren"]
[Result "1-0"]
[WhiteTitle ""]
[BlackTitle ""]
[WhiteElo "2476"]
[BlackElo "2463"]
[WhiteFideId "13707833"]
[BlackFideId "4901266"]
[EventDate "29.12.2022"]

1. d4 Nf6 2. c4 e6 3. Nf3 d5 4. Nc3 a6 5. cxd5 exd5 6. Bg5 Be6 7. Bxf6 Qxf6 8.
Qb3 Ra7 9. g3 Qd8 10. h4 c5 11. Bh3 c4 12. Qc2 Nc6 13. Rd1 Be7 14. h5 b5 15. a3
Qd7 16. Bxe6 fxe6 17. Kf1 O-O 18. Kg2 Qe8 19. e4 Qf7 20. Qe2 Bf6 21. Rhe1 Rd7
22. h6 g6 23. exd5 exd5 24. Qe6 Bd8 25. Rd2 Na5 26. Nh2 Nb3 27. Rdd1 Bf6 28. Nf3
Bd8 29. Nh2 Kh8 30. Qxf7 Rdxf7 31. Ng4 Bb6 32. Nxd5 Bxd4 33. f4 Bxb2 34. Re6 Nc5
35. Rc6 Nd3 36. Rxa6 Rc8 37. Nge3 c3 38. Rxd3 c2 39. Nxc2 Rxc2+ 40. Kh3 Rc8 41.
Rb6 Rf5 42. Kg4 Rh5 43. Rb7 Rxh6 44. Rxb5 Bg7 45. Rb7 Rh1 46. Nb6 Rg8 47. Rdd7
h5+ 48. Kf3 Rf1+ 49. Kg2 Rb1 50. a4 Rb2+ 51. Kh3 Ra2 52. Nd5 Rxa4 53. Ne7 Bf6
54. Nd5 Bg7 55. Nf6 Raa8 56. Nxg8 Rxg8 57. Kg2 Kh7 58. Rb6 Kh6 59. Rdd6 Bc3 60.
f5 Kg5 61. fxg6 Bg7 62. Rd5+ Kh6 63. Kh3 Re8 64. Rbb5 Kxg6 65. Rg5+ Kf6 66.
Rbf5+ Ke6 67. Rf1 Rg8 68. Rb1 Kf6 69. Rxh5 Ra8 70. Rb6+ Kf7 71. Rg5 Bf8 72. Rd5
Be7 73. Rd7 Ke8 74. Rbb7 Bf6 75. Rf7 Ra6 76. Kg4 Bd8 77. Rg7 Kf8 78. Rbf7+ Ke8
79. Ra7 Rf6 80. Rg8+ Rf8 81. Rxf8+ Kxf8 82. Ra8 Ke7 83. Rxd8 Kxd8 84. Kf5 Ke7
85. Kg6 Kf8 86. Kh7 1-0

[Event "Mondiale Lampo FIDE 2022"]
[Site "Alma Ata"]
[Date "29.12.2022"]
[Round "11.52"]
[White "Ansat, Aldiyar"]
[Black "Savchenko, Boris"]
[Result "1-0"]
[WhiteTitle ""]
[BlackTitle ""]
[WhiteElo "2291"]
[BlackElo "2552"]
[WhiteFideId "13715658"]
[BlackFideId "4147332"]
[EventDate "29.12.2022"]

1. e4 c5 2. Nf3 d6 3. d4 cxd4 4. Nxd4 Nf6 5. Nc3 a6 6. Bd3 e6 7. f4 Be7 8. Qf3
Qc7 9. Bd2 b5 10. g4 Bb7 11. g5 Nfd7 12. O-O-O Nc5 13. Kb1 Nbd7 14. h4 b4 15.
Nce2 d5 16. e5 Ne4 17. h5 Nxe5 18. fxe5 Nxd2+ 19. Rxd2 Bxg5 20. Rdd1 Qxe5 21.
Rhg1 h6 22. Qg4 O-O 23. Nf3 Qe3 24. Nxg5 Qxg5 25. Qd4 e5 26. Rxg5 exd4 27. Rg3
f5 28. Nxd4 f4 29. Rf3 Rae8 30. Rdf1 Bc8 31. b3 Bg4 32. Rxf4 Rxf4 33. Rxf4 Bxh5
34. Bxa6 g5 35. Rf6 Kg7 36. Rd6 Bg4 37. Bd3 Re5 38. Rg6+ Kf7 39. Rxh6 Re3 40.
Nf5 Rxd3 41. cxd3 Bxf5 42. Kc1 Bxd3 43. Rb6 g4 44. Rxb4 Be4 45. Kd2 g3 46. Ke3
g2 47. Kf2 Kf6 48. Rxe4 dxe4 49. Kxg2 Ke5 50. Kf2 Kd4 51. Ke2 1-0

[Event "Mondiale Lampo FIDE 2022"]
[Site "Alma Ata"]
[Date "29.12.2022"]
[Round "11.53"]
[White "Sychev, Klementy"]
[Black "Bilguun, Sumiya"]
[Result "1-0"]
[WhiteTitle ""]
[BlackTitle ""]
[WhiteElo "2556"]
[BlackElo "2474"]
[WhiteFideId "4114060"]
[BlackFideId "4901541"]
[EventDate "29.12.2022"]

1. e4 c5 2. Nf3 e6 3. d4 cxd4 4. Nxd4 a6 5. Bd3 g6 6. Nc3 Bg7 7. Be3 d6 8. Qd2
Nf6 9. Bh6 Bxh6 10. Qxh6 Ng4 11. Qd2 Qb6 12. Be2 Nf6 13. O-O-O Nbd7 14. g4 Nc5
15. Qf4 Nfd7 16. Nb3 Ne5 17. Rd2 Nxb3+ 18. axb3 O-O 19. Rhd1 Nc6 20. Rxd6 Qc5
21. h4 Qe5 22. Qe3 Qg7 23. f4 a5 24. e5 h6 25. g5 h5 26. Qb6 Re8 27. Ne4 Kh8 28.
Nf6 Rf8 29. Bb5 a4 30. bxa4 Ne7 31. Rd8 Bd7 32. R1xd7 Nd5 33. Nxd5 exd5 34. Rxa8
Rxa8 35. Qf6 1-0

[Event "Mondiale Lampo FIDE 2022"]
[Site "Alma Ata"]
[Date "29.12.2022"]
[Round "11.54"]
[White "Adhiban, Baskaran"]
[Black "Cheng, Bobby"]
[Result "1-0"]
[WhiteTitle ""]
[BlackTitle ""]
[WhiteElo "2611"]
[BlackElo "2583"]
[WhiteFideId "5018471"]
[BlackFideId "4300033"]
[EventDate "29.12.2022"]

1. e4 e6 2. d4 d5 3. e5 c5 4. c3 Nc6 5. Nf3 Qb6 6. Bd3 cxd4 7. O-O Bd7 8. Re1
Nge7 9. h4 a6 10. h5 g6 11. Nbd2 gxh5 12. Nb3 dxc3 13. bxc3 Ng6 14. Nbd4 Qc7 15.
Rb1 h4 16. Nxc6 Bxc6 17. Nd4 Be7 18. Qh5 O-O-O 19. Qe2 Rdg8 20. Bxa6 bxa6 21.
Qxa6+ Bb7 22. Qa4 Bc5 23. Nb5 Bc6 24. Be3 Bxe3 25. fxe3 Kd7 26. Rf1 Rg7 27. Qa6
Qb7 28. Qa3 Bxb5 29. Qd6+ Ke8 30. a4 Qd7 31. Qc5 Nxe5 32. Rxb5 Nc6 33. Rb6 Rhg8
34. Rxc6 Rxg2+ 35. Kh1 Kd8 36. Rb1 R2g4 1-0

[Event "Mondiale Lampo FIDE 2022"]
[Site "Alma Ata"]
[Date "29.12.2022"]
[Round "11.55"]
[White "Nogerbek, Kazybek"]
[Black "Sjugirov, Sanan"]
[Result "1-0"]
[WhiteTitle ""]
[BlackTitle ""]
[WhiteElo "2468"]
[BlackElo "2712"]
[WhiteFideId "13710427"]
[BlackFideId "4189302"]
[EventDate "29.12.2022"]

1. Nf3 d5 2. e3 Nf6 3. c4 e6 4. Nc3 b6 5. cxd5 exd5 6. b3 Bd6 7. Bb2 O-O 8. Rc1
a6 9. g3 Bb7 10. Bg2 Nbd7 11. O-O Re8 12. Ne2 Rc8 13. d4 Qe7 14. Nf4 Ne4 15. Nd3
a5 16. Qc2 c5 17. dxc5 bxc5 18. Ba3 Ndf6 19. Qb1 h6 20. Rfd1 Ba8 21. Nd2 d4 22.
Nxe4 Nxe4 23. exd4 cxd4 24. Bb2 Nc3 25. Bxc3 Bxg2 26. Kxg2 dxc3 27. Qc2 Ba3 28.
Rb1 Qe2 29. Ne1 Qa6 30. Rd3 Bb4 31. Rbd1 Qa8+ 32. Nf3 Re6 33. a3 Bxa3 34. Rxc3
Rce8 35. Qf5 Bb4 36. Rc4 Re5 37. Qd7 Re2 38. Rf4 R2e7 39. Qd5 Qxd5 40. Rxd5 Rc7
41. Nd4 Rec8 42. h4 Rb7 43. Nf5 h5 44. Ne3 g6 45. Nc4 Ra8 46. Ne5 Bf8 47. Nc6
Rxb3 48. Nxa5 Rc3 49. Rb5 Ra7 50. Nb3 Bd6 51. Rd4 Be7 52. Rdd5 Bf6 53. Nc5 Rc2
54. Ne4 Be7 55. Re5 Kg7 56. Rb6 Bf8 57. Reb5 Raa2 58. Rb7 Re2 59. Kf3 Rec2 60.
Rd7 Ra3+ 61. Kg2 Raa2 62. Rbb7 Re2 63. Rxf7+ 1-0

[Event "Mondiale Lampo FIDE 2022"]
[Site "Alma Ata"]
[Date "29.12.2022"]
[Round "11.56"]
[White "Agmanov, Zhandos"]
[Black "Najer, Evgeniy"]
[Result "1-0"]
[WhiteTitle ""]
[BlackTitle ""]
[WhiteElo "2442"]
[BlackElo "2662"]
[WhiteFideId "13708309"]
[BlackFideId "4118987"]
[EventDate "29.12.2022"]

1. d4 Nf6 2. c4 e6 3. Nf3 d5 4. Nc3 c6 5. e3 Nbd7 6. Qc2 Bd6 7. b3 O-O 8. Be2 b6
9. O-O Bb7 10. Bb2 Re8 11. Rfe1 Qe7 12. e4 dxe4 13. Nxe4 Nxe4 14. Qxe4 Bb4 15.
Red1 Nf6 16. Qh4 Ba3 17. Bxa3 Qxa3 18. Ne5 c5 19. Bd3 h6 20. dxc5 Qxc5 21. Ng4
Nxg4 22. Qxg4 Rad8 23. Bf1 e5 24. Qh4 Rd6 25. h3 f6 26. Rxd6 Qxd6 27. Be2 Qd2
28. Bh5 Rf8 29. Rd1 Qxa2 30. Rd7 Bc6 31. Rc7 Qb1+ 32. Kh2 Qe4 33. Qg3 g5 34. Bf3 1-0

[Event "Mondiale Lampo FIDE 2022"]
[Site "Alma Ata"]
[Date "29.12.2022"]
[Round "11.57"]
[White "Yilmaz, Mustafa"]
[Black "Makarian, Rudik"]
[Result "0-1"]
[WhiteTitle ""]
[BlackTitle ""]
[WhiteElo "2617"]
[BlackElo "2554"]
[WhiteFideId "6302718"]
[BlackFideId "44105681"]
[EventDate "29.12.2022"]

1. d4 d6 2. Nf3 Nf6 3. c4 g6 4. Nc3 Bg7 5. e4 O-O 6. Be2 e5 7. O-O Nc6 8. d5 Ne7
9. b4 a5 10. bxa5 Ne8 11. a4 Rxa5 12. Nd2 c5 13. dxc6 bxc6 14. Nb3 Ra8 15. a5 c5
16. Nxc5 Rxa5 17. N5a4 Nc6 18. Nb5 Nd4 19. Be3 Bd7 20. Bd3 Nxb5 21. Bb6 Qa8 22.
Bxa5 Qxa5 23. Nc5 Qc7 24. Nxd7 Nc3 25. Qc2 Qxd7 26. Qxc3 Nc7 27. Ra7 Qc6 28. Qa5
Ne6 29. Qb5 Qc8 30. Rfa1 Nf4 31. Bf1 Qg4 32. Qb3 Ne6 33. Qe3 h5 34. h3 Qh4 35.
g3 Qd8 36. h4 Nd4 37. Qd3 Qc8 38. Kh2 Bh6 39. Bh3 Qc5 40. Kg2 Kg7 41. R1a5 Qb4
42. Ra4 Qe1 43. Ra1 Qb4 44. R7a4 Qb2 45. R1a2 Qb6 46. Ra6 Qb4 47. R2a4 Qe1 48.
Rxd6 Ne2 49. Qd1 Qxd1 50. Rxd1 Nc3 51. Rda1 Nxa4 52. Rxa4 Rd8 53. c5 Rd2 54. c6
Rc2 55. Bd7 Bd2 56. Ra3 Bb4 57. Rf3 Ba5 58. Be8 f6 59. Kf1 Bb6 60. Bd7 Kf7 61.
g4 hxg4 62. Rb3 Bd4 63. Rb7 Ke7 64. Bxg4+ Kd6 65. Be2 0-1

[Event "Mondiale Lampo FIDE 2022"]
[Site "Alma Ata"]
[Date "29.12.2022"]
[Round "11.58"]
[White "Saraci, Nderim"]
[Black "Maze, Sebastien"]
[Result "1-0"]
[WhiteTitle ""]
[BlackTitle ""]
[WhiteElo "2468"]
[BlackElo "2538"]
[WhiteFideId "6351921"]
[BlackFideId "613762"]
[EventDate "29.12.2022"]

1. b3 d6 2. d4 Nf6 3. Bb2 g6 4. Nf3 Bg7 5. e3 O-O 6. c4 e5 7. dxe5 dxe5 8. Nc3
e4 9. Qxd8 Rxd8 10. Nd2 Bf5 11. h3 h5 12. O-O-O a5 13. Be2 Na6 14. g3 c6 15.
Rdg1 Nc5 16. g4 hxg4 17. hxg4 Be6 18. g5 Nfd7 19. Ncxe4 Bxb2+ 20. Kxb2 Bf5 21.
Nxc5 Nxc5 22. Rd1 a4 23. f3 a3+ 24. Kc3 Bd3 25. Rde1 b5 26. Bxd3 Rxd3+ 27. Kc2
Rad8 28. Re2 Na6 29. Ne4 Nb4+ 30. Kc1 bxc4 31. bxc4 Kf8 32. Rh8+ Ke7 33. Rxd8
Rxd8 34. Nc3 Rh8 35. Kd2 Rd8+ 36. Kc1 Rh8 37. Kd2 Rd8+ 38. Kc1 Rh8 39. Na4 Rh1+
40. Kd2 Rb1 41. Kc3 Na6 42. Kd4 Ra1 43. Nc3 Rf1 44. f4 c5+ 45. Kd3 Nb4+ 46. Ke4
Rc1 47. Nd5+ Kd6 48. Nb6 Kc6 49. Nc8 Rxc4+ 50. Ke5 Nd3+ 51. Kf6 Nc1 52. Rh2 Rb4
53. Ne7+ Kb5 54. Nd5 Rb2 55. Rh1 Nxa2 56. Kxf7 Nb4 57. e4 a2 58. Ra1 Nc2 59.
Rxa2 Rxa2 60. Nc3+ Kc4 61. Nxa2 Kd4 1-0